| 000 | 01206cam a22003254a 4500 | ||
|---|---|---|---|
| 001 | 13205088 | ||
| 003 | NUST-PNEC | ||
| 005 | 20170116180700.0 | ||
| 008 | 030520s2003 maua b 001 0 eng | ||
| 010 | _a 2003052296 | ||
| 020 | _a1580533779 | ||
| 040 |
_aDLC _cPNEC _dDLC |
||
| 042 | _apcc | ||
| 050 | 0 | 0 |
_aTK6580 _b.G84 2003 |
| 082 | 0 | 0 | _a621.3848 GUE |
| 100 | 1 | _aGuerci, J. R. | |
| 245 | 1 | 0 |
_aSpace-time adaptive processing for radar / _cJ.R. Guerci. |
| 260 |
_aBoston : _bArtech House, _cc2003. |
||
| 300 |
_axiv, 189 p. : _bill. ; _c24 cm. |
||
| 440 | 0 | _aArtech House radar library | |
| 500 | _ahttp://www.amazon.com/Space-Time-Adaptive-Processing-Artech-Library/dp/1580533779/ref=sr_1_1?s=books&ie=UTF8&qid=1410158155&sr=1-1&keywords=1580533779 | ||
| 504 | _aIncludes bibliographical references and index. | ||
| 650 | 0 |
_aRadar. _xMIS |
|
| 650 | 0 | _aAdaptive signal processing. | |
| 650 | 0 | _aAdaptive antennas. | |
| 650 | 0 | _aSpace and time. | |
| 906 |
_a7 _bcbc _corignew _d1 _eocip _f20 _gy-gencatlg |
||
| 942 |
_2ddc _cBK |
||
| 999 |
_c60523 _d60523 |
||